书目信息 |
| 题名: |
优质银耳高产栽培新技术
|
|
| 作者: | 李昊 主编 ;潘崇环 , 吴百昌 , 李兴旺 编著 | |
| 分册: | ||
| 出版信息: | 北京 金盾出版社 2014 |
|
| 页数: | 249页 | |
| 开本: | 21cm | |
| 丛书名: | ||
| 单 册: | ||
| 中图分类: | S567.3 | |
| 科图分类: | ||
| 主题词: | 银耳--Yin Er--栽培技术 | |
| 电子资源: | ||
| ISBN: | 978-7-5082-9729-3 | |
| 000 | 01237nam0 2200289 450 | |
| 001 | 1674659968 | |
| 005 | 20150401154235.7 | |
| 010 | @a978-7-5082-9729-3@dCNY19.00 | |
| 100 | @a20140418d2014 em y0chiy0120 ea | |
| 101 | 0 | @achi |
| 102 | @aCN@b110000 | |
| 105 | @aak z 000yy | |
| 106 | @ar | |
| 200 | 1 | @a优质银耳高产栽培新技术@AYou Zhi Yin Er Gao Chan Zai Pei Xin Ji Shu@f主编李昊@g编著者潘崇环 ... [等] |
| 210 | @a北京@c金盾出版社@d2014 | |
| 215 | @a249页@c图@d21cm | |
| 304 | @a编著者还有: 吴百昌、李兴旺等 | |
| 330 | @a本书全面系统地讲解了银耳的最新高产栽培与加工技术,包括:银耳概述,银耳的生物学特性,银耳无公害生产的要求,银耳的生产设备,银耳各类优质高产栽培法,新技术、新方法及关键技术综述,银耳的病虫害防治,银耳产品的初级加工,银耳产品的精深加工,银耳产品的质量标准和质量鉴别等。本书所述各类优质银耳的高产栽培新模式等内容具有代表性、先进性、实用性和普遍性等特点,可供不同地区、不同条件的读者参考。 | |
| 333 | @a广大农技工作者 | |
| 606 | 0 | @a银耳@AYin Er@x栽培技术 |
| 690 | @aS567.3@v5 | |
| 701 | 0 | @a李昊@ALi Hao@4主编 |
| 702 | 0 | @a潘崇环@APan Chong Huan@4编著 |
| 702 | 0 | @a吴百昌@AWu Bai Chang@4编著 |
| 702 | 0 | @a李兴旺@ALi Xing Wang@4编著 |
| 801 | 0 | @aCN@b江苏新华@c20150511 |
| 905 | @aBZT@dS567.3@e231 | |
| 优质银耳高产栽培新技术/主编李昊/编著者潘崇环 ... [等].-北京:金盾出版社,2014 |
| 249页:图;21cm |
| 使用对象:广大农技工作者 |
| ISBN 978-7-5082-9729-3:CNY19.00 |
| 本书全面系统地讲解了银耳的最新高产栽培与加工技术,包括:银耳概述,银耳的生物学特性,银耳无公害生产的要求,银耳的生产设备,银耳各类优质高产栽培法,新技术、新方法及关键技术综述,银耳的病虫害防治,银耳产品的初级加工,银耳产品的精深加工,银耳产品的质量标准和质量鉴别等。本书所述各类优质银耳的高产栽培新模式等内容具有代表性、先进性、实用性和普遍性等特点,可供不同地区、不同条件的读者参考。 |
| ● |
| 相关链接 |
|
|
|
正题名:优质银耳高产栽培新技术
索取号:S567.3/231
 
预约/预借
| 序号 | 登录号 | 条形码 | 馆藏地/架位号 | 状态 | 备注 |
| 1 | 798505 | 2000798505 | 第二书库/ [索取号:S567.3/231] | 在馆 | |
| 2 | 798506 | 2000798506 | 第二书库/ [索取号:S567.3/231] | 在馆 | |
| 3 | 798507 | 2000798507 | 第二书库/ [索取号:S567.3/231] | 在馆 |